| 000 | nam a22 7a 4500 | ||
|---|---|---|---|
| 999 |
_c18353 _d18353 |
||
| 008 | 161216b xxu||||| |||| 00| 0 eng d | ||
| 020 | _a9789966346698 | ||
| 050 | _aAFR PL 8704 .U24W33 2013 | ||
| 100 | _aWalubengo, Abraham Mendi | ||
| 245 |
_aUchambuzi wa Kidagaa Kimemwozea/ _cAbraham Mendi Walubengo |
||
| 250 | _a1st ed. | ||
| 260 |
_aNairobi: _bMoran Publishers, _c2013 |
||
| 300 |
_avi, 73p. : _c23 cm. |
||
| 650 |
_aLiterature. _xSwahili. _zKenya. |
||
| 942 |
_2lcc _cAFRICANA _hAFR PL 8704 .U24W33 2013 _079 |
||